000 00399nam a2200157Ia 4500
008 230917s9999||||xx |||||||||||||| ||und||
040 _e136255
_aMAIN
041 _aEnglish
082 _a346.022 K141C
100 _aKapoor, S.K.
245 0 _aContract-I alongwith specific relief act
250 _a11th ed.
260 _aAllahabad
_bCentral law
_c2007
300 _axxxii, 320p p.
942 _cBK
999 _c140363
_d140363